The Tortured Poets Department Lyrɪcs - Sudden Death - Statistics

General Stats
  • This quiz has been taken 522 times
  • The average score is 8 of 20
Answers on the Grid
Answers color-coded by a green-red scale on the quiz's grid according to % correct below.
"All my mornings are Mondays stuck in an endless February"
"Luck of the draw only draws the unlucky"
"When you are young, they assume you know nothin'"
"I'd say the 1830s but without all the racists and getting married off for the highest bid"
"You won't believe half the things I see inside my head"
"The lights refract sequined stars off her silhouette every night"
"But I stay when it's hard, or it's wrong, or we're making mistakes"
"Now I want to sell my house and set fire to all my clothes"
"Don't want money, just someone who wants my company"
"His hands are in my hair, his clothes are in my room"
"I'm watching American Pie with you on a Saturday night"
"When did all our lessons start to look like weapons pointed at my deepest hurt?"
"Your words are still just ringing in my head, ringing in my head"
"Then she dated boys who were her own age with dart boards on the backs of their doors"
"He seems fine most of the time, forcing smiles and neverminds"
"I don't know why all the trees change in the fall"
"What if he's written 'mine' on my upper thigh only in my mind?"
"So I leap from the gallows and I levitate down your street"
"What if I told you none of it was accidental and the first night that you saw me, nothing was gonna stop me?"
"I spy with my little tired eye, tiny as a firefly a pebble that we picked up last July"
"All of this silence and patience, pining in anticipation"
"We were blind to unforeseen circumstances"
"Remind me how it used to be, pictures in frames of kisses on cheeks"
"I just learned these people only raise you to cage you"
"What if your eyes looked up and met mine one more time"
"I can see you starin', honey, like he's just your understudy"
"Ain't no way I'm gonna screw up now that I know what's at stake"
"But no one notices until it's too late to do anything"
"I hear it in your voice, you're smoking with your boys"
"I'm not trying to exaggerate, but I think I might die if I made it"
"Buried down deep and out of your reach, the secret we all vowed to keep it, from you"
"He will try to take away my pain, and he just might make me smile"
"You're not Dylan Thomas, I'm not Patti Smith"
"I was so ahead of the curve, the curve became a sphere"
"And the tennis court was covered up with some tent-like thing"
"The dopamine races through his brain on a six-lane Texas highway"
"Hey you, what if I told you we're cool?"
"Wise men once read fake news, and they believed it"
"Now the sun burns my heart and the sand hurts my feelings"
"When the butterflies turned to dust that covered my whole room"
 
Answer Stats
Answer % Correct
The Tortured Poets Department "You're not Dylan Thomas, I'm not Patti Smith"
60%
Guilty As Sin? "What if he's written 'mine' on my upper thigh only in my mind?"
51%
Fortnight "All my mornings are Mondays stuck in an endless February"
50%
Who's Afraid Of Little Old Me? "So I leap from the gallows and I levitate down your street"
49%
I Hate It Here "I'd say the 1830s but without all the racists and getting married off for the highest bid"
48%
But Daddy I Love Him "I just learned these people only raise you to cage you"
46%
Clara Bow "I'm not trying to exaggerate, but I think I might die if I made it"
43%
So High School "I'm watching American Pie with you on a Saturday night"
42%
The Prophecy "Don't want money, just someone who wants my company"
41%
The Albatross "Wise men once read fake news, and they believed it"
40%
I Can Do It With A Broken Heart "The lights refract sequined stars off her silhouette every night"
39%
The Black Dog "Now I want to sell my house and set fire to all my clothes"
37%
I Can Fix Him (No Really I Can) "The dopamine races through his brain on a six-lane Texas highway"
36%
How Did It End? "We were blind to unforeseen circumstances"
34%
The Manuscript "Then she dated boys who were her own age with dart boards on the backs of their doors"
32%
I Look In People's Windows "What if your eyes looked up and met mine one more time"
31%
The Alchemy "Hey you, what if I told you we're cool?"
30%
Fresh Out The Slammer "Ain't no way I'm gonna screw up now that I know what's at stake"
26%
thanK you aIMee "Your words are still just ringing in my head, ringing in my head"
25%
Robin "Buried down deep and out of your reach, the secret we all vowed to keep it, from you"
22%
No matching quizzes found
Score Distribution
Percent of People with Each Score
Percentile by Number Answered
Your Score History
You have not taken this quiz